| 000 | 00393nam a22001577a 4500 | ||
|---|---|---|---|
| 999 |
_c6775 _d6775 |
||
| 003 | OSt | ||
| 005 | 20210215130501.0 | ||
| 008 | 210215b ||||| |||| 00| 0 eng d | ||
| 020 | _a9280807587 | ||
| 040 |
_aMUST _cMUST |
||
| 082 | _a338.9 TECH 1994 | ||
| 245 |
_aTechnical Independence. _bThe Asian Experience |
||
| 300 |
_a372p. _bill. _c28cm. |
||
| 650 |
_aEconomy _91048 |
||
| 942 |
_2ddc _cO_SHELF |
||